DESIGN METHODS AND ANALYSIS OFALGORITHMS (Record no. 216944)

MARC details
000 -LEADER
fixed length control field 00474nam a22001817a 4500
008 - FIXED-LENGTH DATA ELEMENTS--GENERAL INFORMATION
fixed length control field 260414b |||||||| |||| 00| 0 eng d
020 ## - INTERNATIONAL STANDARD BOOK NUMBER
International Standard Book Number 9788120347465
050 ## - LIBRARY OF CONGRESS CALL NUMBER
Classification number QA 76.6 .B37 2024
Item number C.7
100 ## - MAIN ENTRY--PERSONAL NAME
Personal name BASU,S.K
245 ## - TITLE STATEMENT
Title DESIGN METHODS AND ANALYSIS OFALGORITHMS
250 ## - EDITION STATEMENT
Edition statement 2ND
260 ## - PUBLICATION, DISTRIBUTION, ETC.
Place of publication, distribution, etc. DELHI
Name of publisher, distributor, etc. PUSHPITA GHOSI
Date of publication, distribution, etc. 2024
300 ## - PHYSICAL DESCRIPTION
Extent 369P
500 ## - GENERAL NOTE
General note INCLUDES BIBLIOGRAPHY AND INDEXS
700 ## - ADDED ENTRY--PERSONAL NAME
Personal name BASU,S.K
942 ## - ADDED ENTRY ELEMENTS (KOHA)
Source of classification or shelving scheme Library of Congress Classification
Koha item type Long Loan Book

No items available.